L'avenir du nucléaire militaire

Αποθηκεύτηκε σε:
Λεπτομέρειες βιβλιογραφικής εγγραφής
Κύριος συγγραφέας: André Dumoulin
Μορφή: Βιβλίο
Γλώσσα:Undetermined
Έκδοση: Paris La Documentation française 2001
Θέματα:
Ετικέτες: Προσθήκη ετικέτας
Δεν υπάρχουν, Καταχωρήστε ετικέτα πρώτοι!
Thư viện lưu trữ: Trung tâm Học liệu Trường Đại học Cần Thơ
LEADER 00485nam a2200181Ia 4500
001 CTU_73054
008 210402s9999 xx 000 0 und d
082 |a 363.3498 
082 |b D895 
100 |a André Dumoulin 
245 0 |a L'avenir du nucléaire militaire 
245 0 |c Andre Dumoulin 
260 |a Paris 
260 |b La Documentation française 
260 |c 2001 
650 |a nuclear warfare 
904 |i Minh 
980 |a Trung tâm Học liệu Trường Đại học Cần Thơ